Hammerfest Airport Destinations - Statistics

General Stats
  • This quiz has been taken 4 times
  • The average score is 3 of 7
Answer Stats
Airline Destination % Correct
Widerøe Tromso
100%
Widerøe Alta
67%
Widerøe Batsfjord
33%
Widerøe Hasvik
33%
Widerøe Honningsvag
33%
Widerøe Vadso
33%
Widerøe Mehamn
0%
No matching quizzes found
Score Distribution
Percent of People with Each Score
Percentile by Number Answered
Your Score History
You have not taken this quiz